000 00333nam a22001457a 4500
008 250417b ||||| |||| 00| 0 eng d
020 _a9780007558124
041 _aeng
080 _21906
_a82LON
082 _282LON
_a82LON
100 _a01
101 _aGJUHE DHE LETERSI
245 _aWHITE FANG
_cJACK LONDON
942 _2udc
_cBK
999 _c60649
_d60649